Central Library OPAC University of Rajshahi

تجريد صحيح بخاري ;; tajrid Sahih al-Bukhari / (Record no. 85840)

MARC details
000 -LEADER
fixed length control field 00514nam a2200181 4500
001 - CONTROL NUMBER
control field 85840
003 - CONTROL NUMBER IDENTIFIER
rucl marc code BD-RjUL
005 - DATE AND TIME OF LATEST TRANSACTION
control field 20251012142414.0
008 - FIXED-LENGTH DATA ELEMENTS--GENERAL INFORMATION
fixed length control field 251012s1 pk ||||| |||| 00| 0 urd d
035 ## - SYSTEM CONTROL NUMBER
System control number (BD-RjUL)85840
040 ## - CATALOGING SOURCE
Original cataloging agency BD-RjUL
Language of cataloging eng
Transcribing agency BD-RjUL
041 ## - LANGUAGE CODE
Language code of text/sound track or separate title urd
082 ## - DEWEY DECIMAL CLASSIFICATION NUMBER
Edition number 23
Classification number 297.12541
Author mark and year BUK 19*5
245 ## - TITLE STATEMENT
Title تجريد صحيح بخاري ;; tajrid Sahih al-Bukhari /
Statement of responsibility, etc. Abdullah M. Bin Ismail Bukhari /
300 ## - PHYSICAL DESCRIPTION
Pagination 519 p. ;
Size 21 cm
650 ## - SUBJECT ADDED ENTRY--TOPICAL TERM
Topical term or geographic name as entry element Bukhari
Form subdivision Hadith
9 (RLIN) 17152
942 ## - ADDED ENTRY ELEMENTS (KOHA)
Source of classification or shelving scheme Dewey Decimal Classification
Koha item type Books
Holdings
Lost status Source of classification or shelving scheme Damaged status Not for loan Permanent Location Current Location Shelving location Date acquired Total Checkouts Full call number Date last seen Copy number Koha item type
  Dewey Decimal Classification   Not For Loan Central Library, University of Rajshahi Central Library, University of Rajshahi Reading Room 12/10/2025   U 297.12541 BUK 19*5 12/10/2025 C-1 Books